Физико-химические аспекты газофазного зажигания жидких топлив источника нагрева малых размеров; Современные техника и технологии; Т. 3

Detalles Bibliográficos
Parent link:Современные техника и технологии: сборник трудов XV Международной научно-практической конференции студентов, аспирантов и молодых ученых, Томск, 4-8 мая 2009 г/ Национальный исследовательский Томский политехнический университет (ТПУ).— , 2009
Т. 3.— 2009.— [С. 334-336]
Autor Principal: Стрижак П. А. Павел Александрович
Outros autores: Кузнецов Г. В. Гений Владимирович (научный руководитель)
Summary:Заглавие с титульного листа
Электронная версия печатной публикации
Idioma:ruso
Publicado: 2009
Series:Теплоэнергетика
Subjects:
Acceso en liña:http://www.lib.tpu.ru/fulltext/c/2009/C01/V3/091.pdf
Formato: Electrónico Capítulo de libro
KOHA link:https://koha.lib.tpu.ru/cgi-bin/koha/opac-detail.pl?biblionumber=247508

MARC

LEADER 00000naa2a2200000 4500
001 247508
005 20260116115432.0
035 |a (RuTPU)RU\TPU\book\269010 
035 |a RU\TPU\book\269008 
090 |a 247508 
100 |a 20131230d2009 k y0rusy50 ca 
101 0 |a rus 
102 |a RU 
135 |a drnn ---uucaa 
181 0 |a i  
182 0 |a b 
200 1 |a Физико-химические аспекты газофазного зажигания жидких топлив источника нагрева малых размеров  |f П. А. Стрижак  |g науч. рук. Г. В. Кузнецов 
203 |a Текст  |c электронный 
215 |a 1 файл (739 Кб) 
225 1 |a Теплоэнергетика 
300 |a Заглавие с титульного листа 
300 |a Электронная версия печатной публикации 
320 |a Библиогр.: 8 назв. 
337 |a Adobe Reader 
461 1 |0 (RuTPU)RU\TPU\book\261117  |t Современные техника и технологии  |o сборник трудов XV Международной научно-практической конференции студентов, аспирантов и молодых ученых, Томск, 4-8 мая 2009 г  |o в 3 т.  |f Национальный исследовательский Томский политехнический университет (ТПУ)  |d 2009 
463 1 |0 (RuTPU)RU\TPU\book\262639  |t Т. 3  |v [С. 334-336]  |d 2009 
610 1 |a физико-химические аспекты 
610 1 |a жидкое топливо 
610 1 |a труды учёных ТПУ 
610 1 |a электронный ресурс 
700 1 |a Стрижак  |b П. А.  |c специалист в области теплоэнергетики  |c профессор Томского политехнического университета, доктор физико-математических наук  |f 1985-  |g Павел Александрович  |3 (RuTPU)RU\TPU\pers\25983  |9 11832 
702 1 |a Кузнецов  |b Г. В.  |c специалист в области теплоэнергетики  |c профессор Томского политехнического университета, доктор физико-математических наук  |f 1949-  |g Гений Владимирович  |4 727 
801 1 |a RU  |b 63413507  |c 20130617 
801 2 |a RU  |b 63413507  |c 20150313  |g RCR 
856 4 |u http://www.lib.tpu.ru/fulltext/c/2009/C01/V3/091.pdf 
942 |c CF